00980 2200205 4500001002100000005001500021035002000036008004100056245005000097100001800147250000600165260005200171300001200223084001400235082000800249650001000257520048300267990001200750990001200762INLIS00000000000101620240528094633 a0010-0524000251240528 1 ind 1 aKamu Terlalu Banyak Bercanda /cMarchella FP. aMarchella FP. a1 aJakarta :bPT. Kebahagiaan Itu Sederhana,c2014 a194 hlm a813 MAR k a813 4aFiksi aDi dalam buku ini, berisikan kutipan-kutipan dari surat yang ditulis oleh Awan. Kumpulan dari catatan yang ditulis oleh Awan sendiri tentang berbagai perasaan negatif yang ia rasakan dalam dirinya. Alur cerita digambarkan dalam rentang waktu selama sekitar 10 tahun, dengan membaca catatan yang ditulis oleh Awan ini, kita akan membayangkan bagaimana Awan menjalani hari kelabunya, dan kemudian Awan memutuskan untuk menuliskan perasaannya yang ia curahkan dalam catatan harian. a0743993 a0743994